Who are they now? - Statistics

General Stats
  • This quiz has been taken 302 times
  • The average score is 9 of 22
Answer Stats
Answer % Correct
Norma Jeane Mortenson Actor Marilyn Monroe
85%
Cassius Marcellus Clay Legend Muhammad Ali
85%
Carlos Irwin Estevez Actor/Walking Disaster Charlie Sheen
71%
_______ Louise Ciccone Singer Madonna
71%
Samuel Langhorne Clemens Writer Mark Twain
64%
Robert Zimmerman Singer Bob Dylan
63%
Siddhartha Gautama Religious Person Buddha
63%
Allen Stewart Konigsberg Neurotic Film-maker Woody Allen
53%
Reginald Kenneth Dwight Singer Elton John
52%
Marion Morrison Actor John Wayne
48%
Agnes Gonxha Bojaxhiu Do-gooder Mother Teresa
45%
Curtis James Jackson III Rapper 50 Cent
37%
Saul Hudson Hairy Guitarist Slash
37%
Alecia Beth Moore Colourful Singer P!nk
34%
David Robert Jones Singer/Actor David Bowie
26%
Eric Arthur Blair Writer George Orwell
24%
_____ Rogers Nelson Singer Prince
22%
Calvin Cordozar Broadus Rapper Snoop Lion
22%
Brian Hugh Warner Singer Marilyn Manson
18%
Bradley Manning Whistleblower Chelsea Manning
16%
Tracy Lauren Marrow Singer/Actor Ice T
10%
Steven Demetre Georgiou Singer Yusuf Islam
4%
No matching quizzes found
Score Distribution
Percent of People with Each Score
Percentile by Number Answered
Your Score History
You have not taken this quiz